[Event "Pan American-ch U16"]
[Site "Guayaquil"]
[Date "2019.07.25"]
[Round "7"]
[White "Antonio, Kyell Jean"]
[Black "Lyn, Nicholas"]
[Result "0-1"]
[WhiteElo "1377"]
[BlackElo "1623"]
[PlyCount "48"]
[EventDate "2019.07.21"]
[EventType "swiss"]
[EventRounds "9"]
[EventCountry "ECU"]
[SourceTitle "EXT 2020"]
[Source "ChessBase"]
[SourceDate "2019.10.17"]
[SourceVersion "1"]
[SourceVersionDate "2019.10.17"]
[SourceQuality "1"]

1. e4 c5 2. Nf3 d6 3. d4 cxd4 4. Nxd4 Nf6 5. Nc3 a6 6. Be2 e5 7. Nb3 Be6 8. 0-0 Nbd7 9. a4 Bxb3 10. cxb3 Nc5 11. f3 Qb6 12. Be3 Be7 13. Bc4 0-0 14. Nd5 Nxd5 15. Qxd5 Rac8 16. a5 Qc7 17. b4 Nxe4 18. Qxe4 Qxc4 19. Qxb7 Rfe8 20. Rfc1 Qe2 21. Re1 Qxb2 22. Rab1 Qa3 23. Ra1 Qc3 24. Rec1 Qxe3+ 0-1

[Event "Pan American-ch U16"]
[Site "Guayaquil"]
[Date "2019.07.24"]
[Round "6"]
[White "Lyn, Nicholas"]
[Black "Gaisinsky, Adam"]
[Result "0-1"]
[WhiteElo "1623"]
[BlackElo "2029"]
[PlyCount "68"]
[EventDate "2019.07.21"]
[EventType "swiss"]
[EventRounds "9"]
[EventCountry "ECU"]
[SourceTitle "EXT 2020"]
[Source "ChessBase"]
[SourceDate "2019.10.17"]
[SourceVersion "1"]
[SourceVersionDate "2019.10.17"]
[SourceQuality "1"]

1. e4 e5 2. Nf3 Nc6 3. Bc4 Nf6 4. d3 Be7 5. Nc3 0-0 6. h3 d6 7. Be3 Na5 8. Bb3 Nxb3 9. axb3 Re8 10. 0-0 c5 11. Qd2 h6 12. Rfe1 Bf8 13. Rad1 b6 14. Ne2 d5 15. exd5 Qxd5 16. Nc3 Qc6 17. Ne4 Bb7 18. Qc3 Nd5 19. Qd2 f5 20. Nc3 f4 21. Bxc5 Bxc5 22. Rxe5 Nxc3 23. Qxc3 Qg6 24. Nh4 Bxf2+ 25. Kxf2 Qg3+ 26. Kg1 Qxh4 27. Rde1 Rxe5 28. Rxe5 Qg3 29. Qc4+ Kh8 30. Re2 f3 31. Rf2 fxg2 32. Qb4 Qxh3 33. Rf8+ Rxf8 34. Qxf8+ Kh7 0-1

[Event "Pan American-ch U16"]
[Site "Guayaquil"]
[Date "2019.07.21"]
[Round "1"]
[White "Lyn, Nicholas"]
[Black "Mollo, Jhoan"]
[Result "0-1"]
[WhiteElo "1623"]
[BlackElo "2013"]
[PlyCount "54"]
[EventDate "2019.07.21"]
[EventType "swiss"]
[EventRounds "9"]
[EventCountry "ECU"]
[SourceTitle "EXT 2020"]
[Source "ChessBase"]
[SourceDate "2019.10.17"]
[SourceVersion "1"]
[SourceVersionDate "2019.10.17"]
[SourceQuality "1"]

1. e4 c5 2. Nf3 g6 3. d4 cxd4 4. Nxd4 Nc6 5. c4 Bg7 6. Be3 Nf6 7. Nc3 d6 8. f3 0-0 9. Qd2 Nxd4 10. Bxd4 Be6 11. Be2 Qa5 12. a3 Rfc8 13. b4 Qd8 14. Nd5 Nd7 15. Bxg7 Kxg7 16. 0-0 Bxd5 17. exd5 Qb6+ 18. Kh1 Rc7 19. f4 Rac8 20. Rf3 f5 21. Re1 Nf6 22. Bd3 Qd4 23. Qe2 b5 24. Rd1 bxc4 25. Bxf5 Qxd1+ 26. Qxd1 gxf5 27. Qe2 c3 0-1

[Event "Kingston Chan Memorial op"]
[Site "Kingston"]
[Date "2017.09.21"]
[Round "2"]
[White "Lyn, Christopher"]
[Black "Lyn, Nicholas"]
[Result "1-0"]
[WhiteElo "1667"]
[BlackElo "1559"]
[PlyCount "82"]
[EventDate "2017.09.21"]
[EventType "swiss"]
[EventRounds "6"]
[EventCountry "JAM"]
[SourceTitle "EXT 2020"]
[Source "ChessBase"]
[SourceDate "2019.10.17"]
[SourceVersion "1"]
[SourceVersionDate "2019.10.17"]
[SourceQuality "1"]

1. c4 Nf6 2. Nc3 c6 3. e4 e5 4. Nf3 d6 5. d4 Qc7 6. d5 a6 7. Bd3 Bg4 8. b4 Nbd7 9. h3 Bh5 10. Be3 Rc8 11. Rc1 Bg6 12. Nh4 Be7 13. Nxg6 hxg6 14. a4 Nh5 15. dxc6 bxc6 16. Qd2 Nhf6 17. b5 axb5 18. cxb5 Ng4 19. Nd5 Qb7 20. Nxe7 Kxe7 21. 0-0 Nxe3 22. Qxe3 Nc5 23. Rxc5 dxc5 24. Qxc5+ Kf6 25. f4 Ke6 26. Bc4+ Kd7 27. Rd1+ Ke8 28. a5 Qe7 29. Qxe7+ Kxe7 30. b6 exf4 31. a6 f3 32. b7 Rb8 33. Rb1 Rbd8 34. a7 Rd2 35. Bf1 Rh5 36. a8Q fxg2 37. Bxg2 Rg5 38. Qa3+ Ke6 39. Qb3+ Kd7 40. Qxf7+ Kd6 41. b8Q+ Kc5 1-0

[Event "Kingston Chan Memorial op"]
[Site "Kingston"]
[Date "2017.09.21"]
[Round "1"]
[White "Lyn, Nicholas"]
[Black "Curriah, Malik"]
[Result "0-1"]
[WhiteElo "1559"]
[BlackElo "1996"]
[PlyCount "64"]
[EventDate "2017.09.21"]
[EventType "swiss"]
[EventRounds "6"]
[EventCountry "JAM"]
[SourceTitle "EXT 2020"]
[Source "ChessBase"]
[SourceDate "2019.10.17"]
[SourceVersion "1"]
[SourceVersionDate "2019.10.17"]
[SourceQuality "1"]

1. e4 c6 2. Nf3 d5 3. exd5 cxd5 4. d4 Nc6 5. Be3 Nf6 6. h3 Qb6 7. Qc1 Bf5 8. c3 Rc8 9. Be2 Nb4 10. 0-0 Nc2 11. Nh4 Be4 12. f3 Nxe3 13. Qxe3 Qxb2 14. fxe4 Qxa1 15. exd5 Nxd5 16. Qf3 Qxa2 17. Bb5+ Kd8 18. c4 Nb6 19. Qxb7 e6 20. Nf3 Rc7 21. Qb8+ Nc8 22. Ne5 Bd6 23. c5 Bxe5 24. dxe5 Qd5 25. Nc3 Qxc5+ 26. Kh1 Qxc3 27. Rd1+ Ke7 28. Ba6 Rd8 29. Rxd8 Qe1+ 30. Kh2 Qxe5+ 31. Kg1 Kxd8 32. Qb4 Qc5+ 0-1